[Event "Druzynowe  Mistrzostwa Polski w Szachach - I liga"]
[Site "Poronin-Limba"]
[Date "1899-12-30"]
[Round "8.14"]
[White "Skawinski, Arkadiusz"]
[Black "Szczesniak, Andrzej"]
[Result "1/2-1/2"]
[WhiteTitle "FM"]
[BlackTitle "II+"]
[WhiteElo "2391"]
[BlackElo "1960"]

1. e4 e6 2. d4 d5 3. e5 c5 4. c3 Qb6 5. Nf3 Bd7 6. Be2 Bb5 7. c4 Bxc4 8. Bxc4 dxc4
9. d5 Ne7 10. dxe6 Qxe6 11. O-O h6 12. Na3 a6 13. b3 c3 14. Nc4 Nd5 15. Re1 Nc6
16. Nd6+ Kd7 17. Nxf7 Be7 18. Nxh8 Rxh8 19. Qd3 Kc7 20. a3 Rd8 21. Qe4 Nb6 22.
Bf4 g5 23. Bg3 g4 24. Nh4 Nd4 25. Rad1 c2 26. Rd2 Bxh4 27. Rxc2 Nxc2 28. Qxc2
Be7 29. Bf4 Bg5 30. Bxg5 hxg5 31. Qxc5+ Kb8 32. Qe3 Rd5 33. Qxg5 Nd7 34. h4 gxh3
35. Qg3 hxg2 36. f4 Rd2 37. f5 Qb6+ 38. Qe3 Rd1 39. Kxg2 Rxe1 40. Qxe1 Qd4 41.
e6 Qd5+ 42. Kg3 Qxf5 43. exd7 Qxd7 1/2-1/2

[Event "Druzynowe  Mistrzostwa Polski w Szachach - I liga"]
[Site "Poronin-Limba"]
[Date "1899-12-30"]
[Round "8.15"]
[White "Sciborowski, Miroslaw"]
[Black "Plichta, Kamil"]
[Result "0-1"]
[WhiteTitle "k"]
[BlackTitle "FM"]
[WhiteElo "2006"]
[BlackElo "2363"]

1. d4 d6 2. Nf3 f5 3. g3 Nf6 4. Bg2 e6 5. c4 Be7 6. Nc3 O-O 7. O-O Qe8 8. b4 Nbd7
9. Qb3 Qh5 10. c5 d5 11. Bf4 Ne8 12. Nb5 Bd8 13. Qe3 Ndf6 14. a4 h6 15. Rfc1 a5
16. Qb3 Ne4 17. Rc2 g5 18. Bd2 c6 19. Nd6 N8xd6 20. cxd6 Nxd6 21. b5 cxb5 22.
axb5 Qe8 23. Bb4 Be7 24. Rc7 Bd7 25. Ne5 axb4 26. Rxa8 Qxa8 27. Rxd7 Qa1+ 28.
Bf1 Qa3 29. Qd3 Qxd3 30. Nxd3 Kf7 31. Nxb4 Rc8 32. Nd3 Ke8 33. Ne5 g4 34. h3 h5
35. hxg4 hxg4 36. f3 gxf3 37. exf3 Rc1 38. Kf2 Rd1 39. g4 fxg4 40. fxg4 Rxd4 41.
Rc7 Rf4+ 42. Kg2 Re4 43. Nd3 Rxg4+ 44. Kf3 Rg6 45. Bh3 Ne4 46. Ke2 Rh6 47. Bg4
Nd6 48. b6 Bd8 49. Rg7 Bxb6 50. Nf4 Bd4 51. Rc7 Kd8 52. Rc1 Ke7 53. Rc7+ Kd8 54.
Rc1 e5 55. Ne6+ Ke7 56. Nc7 Kf6 57. Nxd5+ Kg5 58. Bf3 e4 59. Bg2 Rh2 60. Kf1 Nf5
0-1

[Event "Druzynowe  Mistrzostwa Polski w Szachach - I liga"]
[Site "Poronin-Limba"]
[Date "1899-12-30"]
[Round "8.17"]
[White "Gritsak, Orest"]
[Black "Lubczynski, Rafal"]
[Result "1/2-1/2"]
[WhiteTitle "GM"]
[BlackTitle "IM"]
[WhiteElo "2474"]
[BlackElo "2418"]

1. d4 d5 2. c4 c6 3. cxd5 cxd5 4. Bg5 h6 5. Bh4 Qb6 6. Nc3 e6 7. Qd2 Bd7 8. e3
Bc6 9. Bd3 Nd7 10. Nge2 Ngf6 11. f3 Be7 12. O-O O-O 13. a3 a5 14. Kh1 Rfe8 15.
Bf2 e5 16. Rac1 a4 17. Bb1 Qa5 18. Rfd1 Bf8 19. Bh4 Qb6 20. dxe5 Rxe5 21. Nd4
Bc5 22. Ba2 Rae8 23. Bf2 Bxd4 24. exd4 R5e6 25. Re1 Qa6 26. Kg1 Nb6 27. Bh4 Nfd7
28. Rxe6 Rxe6 29. Re1 Nf8 30. Bf2 Nc4 31. Bxc4 1/2-1/2

[Event "Druzynowe  Mistrzostwa Polski w Szachach - I liga"]
[Site "Poronin-Limba"]
[Date "1899-12-30"]
[Round "8.18"]
[White "Chojnacki, Krzysztof"]
[Black "Stoma, Pawel"]
[Result "1-0"]
[WhiteTitle "IM"]
[BlackTitle "m"]
[WhiteElo "2364"]
[BlackElo "2348"]

1. d4 Nf6 2. c4 d6 3. Nc3 Nbd7 4. e4 e5 5. Nf3 Be7 6. Be2 O-O 7. O-O Re8 8. Re1
Bf8 9. Bf1 c6 10. Rb1 a6 11. b4 Qc7 12. a4 g6 13. Bb2 Bg7 14. h3 exd4 15. Nxd4
a5 16. b5 Nc5 17. Nb3 Nfd7 18. Nd4 Nb6 19. Ba1 Be6 20. Nxe6 Rxe6 21. Qc2 Rae8
22. Re3 Nbd7 23. Rbe1 Qd8 24. Qd1 Bh6 25. R3e2 Qe7 26. Qc2 Ne5 27. Nb1 Ned3 28.
Qc3 f6 29. Rd1 Nb4 30. Rde1 Bf4 31. Qf3 Bg5 32. Nc3 Nbd3 33. Rd1 Ne5 34. Qg3 Nxc4
35. Ree1 Nd2 36. f4 Nxf1 37. Rxf1 Bh6 38. f5 Re5 39. fxg6 Kg7 40. gxh7+ Kxh7 41.
Qf3 Nb3 42. Nd5 cxd5 43. Bxe5 dxe5 44. Qxb3 dxe4 45. Qc2 Qb4 46. Rxf6 1-0

[Event "Druzynowe  Mistrzostwa Polski w Szachach - I liga"]
[Site "Poronin-Limba"]
[Date "1899-12-30"]
[Round "8.19"]
[White "Lobejko, Rafal"]
[Black "Musialkiewicz, Jan"]
[Result "1/2-1/2"]
[WhiteTitle "FM"]
[BlackTitle "k+"]
[WhiteElo "2313"]
[BlackElo "2266"]

1. d4 d5 2. c4 c6 3. Nc3 Nf6 4. Nf3 e6 5. e3 Nbd7 6. Bd3 Bd6 7. O-O O-O 8. e4 dxe4
9. Nxe4 Nxe4 10. Bxe4 h6 11. b3 Qa5 12. Bb2 Rd8 13. a3 Qh5 14. Ne5 Qxd1 15. Rfxd1
Nf6 16. Bf3 Bd7 17. Bc3 Rac8 18. a4 Be8 19. a5 Bb8 20. Nd3 Nd7 21. Bb4 Nf8 22.
Bc5 f6 23. Bxf8 Kxf8 24. Nc5 Bf7 25. Nxb7 Rd7 26. a6 Bd6 27. c5 Be7 28. g3 f5
29. Na5 Rdc7 30. b4 Be8 31. Be2 Bf6 32. Bc4 Rb8 33. Rab1 Bd7 34. Kf1 Rd8 35. Nb7
Rb8 36. Ke2 Bc8 37. Na5 Ke7 38. h4 e5 39. dxe5 Bxe5 40. f4 Bc3 41. Rb3 Bf6 42.
Rd6 Bd7 43. Nb7 Bc8 44. Be6 Bxb7 45. axb7 Rbxb7 46. Bxf5 Kf8 47. Bg6 Rc8 48. Re6
Re7 49. Rxe7 Kxe7 50. Be4 Rc7 51. Ra3 Kd7 52. Kd3 Kc8 53. Kc4 Kb8 54. Bf3 Kc8
55. Rd3 a6 56. Rd6 Kb7 57. Re6 Rc8 58. Rd6 Rc7 59. Kd3 Rc8 60. Bg4 Rc7 61. Kd2
Be7 62. Re6 Bf6 63. Bf3 Rc8 64. Kc2 Rc7 65. Kb3 Rc8 66. Ka4 Rc7 67. Rd6 Rc8 68.
Bg4 Rd8 69. Bf3 Rxd6 70. cxd6 Kb6 71. Kb3 c5 1/2-1/2

[Event "Druzynowe  Mistrzostwa Polski w Szachach - I liga"]
[Site "Poronin-Limba"]
[Date "1899-12-30"]
[Round "8.20"]
[White "Bardeli, Lukasz"]
[Black "Miroslaw, Michal"]
[Result "0-1"]
[WhiteTitle "FM"]
[BlackTitle "FM"]
[WhiteElo "2188"]
[BlackElo "2270"]

1. Nf3 d5 2. g3 e6 3. Bg2 Nf6 4. O-O Be7 5. b3 O-O 6. c4 c6 7. Bb2 Nbd7 8. Qc2
b6 9. d3 Bd6 10. Nc3 Bb7 11. e4 dxe4 12. dxe4 e5 13. Rad1 Qe7 14. Nh4 g6 15. Qd2
Ne8 16. Qh6 Rd8 17. Bh3 Nc5 18. Nf3 f6 19. b4 Ne6 20. b5 cxb5 21. cxb5 Nc5 22.
Nd5 Qf7 23. Qe3 Bxd5 24. exd5 Nc7 25. Qe2 Nxd5 26. Rd2 Na4 27. Rc1 Nxb2 28. Rxb2
Ba3 29. Rc6 Rfe8 30. Rd2 Bc5 31. Qc4 Kg7 32. Qb3 e4 33. Nd4 f5 34. Qb2 Kg8 35.
Rxc5 bxc5 36. Nc6 Rd6 37. Bf1 e3 38. fxe3 Rxe3 39. Bc4 Re1+ 40. Kf2 Qe6 41. Qb3
Kf8 42. Qf3 Re4 43. Bb3 c4 44. Bc2 Re3 45. Qh1 Nf6 46. Qd1 Ng4+ 47. Kf1 Nxh2+
0-1

[Event "Druzynowe  Mistrzostwa Polski w Szachach - I liga"]
[Site "Poronin-Limba"]
[Date "1899-12-30"]
[Round "8.21"]
[White "Praszak, Michal"]
[Black "Banach, Szymon"]
[Result "1-0"]
[WhiteTitle "m"]
[BlackTitle "I++"]
[WhiteElo "2150"]
[BlackElo "2013"]

1. d4 Nf6 2. c4 g6 3. Nc3 Bg7 4. e4 d6 5. h3 O-O 6. Bg5 Qe8 7. Be2 e5 8. d5 Na6
9. g4 Nc5 10. f3 a5 11. Qd2 c6 12. h4 cxd5 13. cxd5 Bd7 14. h5 b5 15. Nh3 b4 16.
Nd1 Bb5 17. Nhf2 Bxe2 18. Qxe2 Nfd7 19. Ne3 h6 20. Bh4 g5 21. Bg3 Nb6 22. O-O
Qd7 23. Rfc1 Rfc8 24. Nfd1 Rc7 25. Bf2 Qc8 26. Nf5 Bf8 27. Be3 Nbd7 28. Nf2 Qb7
29. Rc4 Rac8 30. Rac1 Qb5 31. Qd1 Nb6 32. R4c2 Nba4 33. Qf1 Qb7 34. b3 Nc3 35.
Nd1 Nb5 36. Nb2 Nd4 37. Bxd4 exd4 38. Nc4 d3 39. Rd2 Qa6 40. Rdd1 a4 41. Nd2 axb3
42. axb3 Qa2 43. Rb1 Nd7 44. Nc4 Rxc4 45. bxc4 Rxc4 46. Rxd3 Ne5 47. Rdb3 Qd2
48. Qf2 Qf4 49. Qe3 Nxf3+ 50. Qxf3 Qe5 51. Re3 Rc2 52. Qg3 Qf6 53. Rf1 Qd8 54.
Qf3 Qb6 55. Nxh6+ Rc5 1-0

[Event "Druzynowe  Mistrzostwa Polski w Szachach - I liga"]
[Site "Poronin-Limba"]
[Date "1899-12-30"]
[Round "8.22"]
[White "Szelag, Zuzanna"]
[Black "Toma, Katarzyna"]
[Result "1-0"]
[WhiteTitle "I++"]
[BlackTitle "WGM"]
[WhiteElo "1835"]
[BlackElo "2262"]

1. e4 e5 2. Nf3 d6 3. d4 Nd7 4. Bc4 c6 5. O-O Be7 6. dxe5 dxe5 7. Ng5 Bxg5 8. Qh5
Qe7 9. Bxg5 Ngf6 10. Qe2 h6 11. Bd2 a5 12. a4 O-O 13. Nc3 Nc5 14. f3 Be6 15. Be3
Rfd8 16. Rfd1 Rd7 17. Rxd7 Ncxd7 18. Rd1 Bxc4 19. Qxc4 Qb4 20. Qd3 Nc5 21. Bxc5
Qxc5+ 22. Kh1 Re8 23. Qd6 Qb4 24. Qxb4 axb4 25. Ne2 Kf8 26. Ng3 g6 27. Nf1 Ra8
28. b3 Ke7 29. Ne3 Ra5 30. Nc4 Rc5 31. Kg1 Nd7 32. Rd2 Rxc4 33. bxc4 Nb6 34. Rd3
Nxc4 35. Rb3 c5 36. Kf2 Kd6 37. Ke2 Kc6 38. c3 Na5 39. Rb1 b3 40. c4 Nxc4 41.
Rxb3 b6 42. Kd3 Nd6 43. Rb1 Ne8 44. Kc3 Nc7 45. Rd1 Ne6 46. Rd5 f6 47. Kc4 Kc7
48. a5 bxa5 49. Kb5 a4 50. Kxa4 Kc6 51. Kb3 g5 52. Kc4 h5 53. Rd2 h4 54. Rd5 Nf4
55. Rxc5+ Kd6 56. g3 hxg3 57. hxg3 Ne2 58. g4 Nf4 59. Ra5 Ke7 60. Kb5 Ne2 61.
Ra3 Nd4+ 62. Kb6 Ke6 63. Kc5 Ne2 64. Ra6+ Ke7 65. Kd5 Nf4+ 66. Kc6 Ne2 67. Rb6
Ke6 68. Kc5+ Ke7 69. Rb2 Nf4 70. Rd2 Ne6+ 71. Kd5 Kd7 72. Rd1 Ke7 73. Rh1 Nf4+
74. Kc6 Ke6 75. Kc7 Ne2 76. Kd8 Nd4 77. Rh3 Kf7 78. Kd7 Kg7 79. Ke7 Nc6+ 80. Ke8
Nd4 81. Rg3 Kg8 82. Rg2 Kg7 83. Rf2 Kg8 84. Ra2 Kg7 85. Ra6 Nxf3 86. Ke7 Nd2 87.
Rxf6 Nxe4 88. Rf1 Kg6 89. Ke6 Nc5+ 90. Kxe5 Nd7+ 91. Ke6 Nc5+ 92. Ke7 Ne4 93.
Ra1 Nf2 94. Ra6+ Kg7 95. Ra4 Kg6 96. Rb4 Kg7 97. Ke6 Kg6 98. Rd4 Nh3 99. Ke5 Nf2
100. Rd6+ Kf7 101. Kf5 Kf8 102. Ra6 Nh3 103. Ra3 Nf4 104. Kxg5 Nd5 105. Ra7 Kg8
106. Kg6 Nf4+ 107. Kh6 Nd3 108. g5 Ne5 109. g6 Ng4+ 110. Kg5 Ne5 111. Rb7 Kh8
112. Kf5 Nc6 113. Ke4 1-0

[Event "Druzynowe  Mistrzostwa Polski w Szachach - I liga"]
[Site "Poronin-Limba"]
[Date "1899-12-30"]
[Round "8.23"]
[White "Maksimenko, Andrei"]
[Black "Simantsev, Mikhail"]
[Result "1-0"]
[WhiteTitle "GM"]
[BlackTitle "GM"]
[WhiteElo "2484"]
[BlackElo "2486"]

1. d4 Nf6 2. c4 e6 3. Nc3 c5 4. d5 exd5 5. cxd5 Bd6 6. Nf3 O-O 7. g3 Bc7 8. d6
Ba5 9. Bg2 Ne4 10. Qd3 Nxc3 11. bxc3 Qf6 12. O-O Qxc3 13. Qb1 Qf6 14. Ng5 Qg6
15. Be4 f5 16. Bd5+ Kh8 17. Qb3 h6 18. Nf7+ Kh7 19. Ne5 Qxd6 20. Bf4 Qb6 21. Qe3
Nc6 22. Nc4 Qd8 23. Rfd1 Bc7 24. Bxc7 Qxc7 25. Qxc5 Qd8 26. e4 f4 27. e5 Qe7 28.
Be4+ Kg8 29. Qxe7 Nxe7 30. Nd6 Rb8 31. Rac1 fxg3 32. hxg3 Rd8 33. Rc7 b5 34. e6
a5 35. Rd3 a4 36. Rf3 1-0

[Event "Druzynowe  Mistrzostwa Polski w Szachach - I liga"]
[Site "Poronin-Limba"]
[Date "1899-12-30"]
[Round "8.24"]
[White "Sopur, Lech"]
[Black "Jaracz, Pawel"]
[Result "1/2-1/2"]
[WhiteTitle "m"]
[BlackTitle "GM"]
[WhiteElo "2394"]
[BlackElo "2469"]

1. e4 c5 2. Nc3 a6 3. g3 b5 4. Bg2 Bb7 5. d3 e6 6. Nh3 Nf6 7. O-O d5 8. exd5 Nxd5
9. Ne4 Nc6 10. Re1 Be7 11. Bg5 f6 12. c4 O-O 13. cxd5 exd5 14. Nxc5 Bxc5 15. Be3
Bxe3 16. Rxe3 d4 17. Re2 Qd7 18. Qb3+ Kh8 19. Qe6 Rad8 20. Nf4 Ne5 21. Qxd7 Rxd7
22. Ne6 Rc8 23. Bxb7 Rxb7 24. Nxd4 Rd7 25. Nb3 Rxd3 26. f4 Nf3+ 27. Kg2 Nd4 28.
Nxd4 Rxd4 29. Rc1 Rdd8 30. Rxc8 Rxc8 31. Kh3 Kg8 1/2-1/2

[Event "Druzynowe  Mistrzostwa Polski w Szachach - I liga"]
[Site "Poronin-Limba"]
[Date "1899-12-30"]
[Round "8.25"]
[White "Krysztofiak, Marcin"]
[Black "Orzech, Dominik"]
[Result "1-0"]
[WhiteTitle "IM"]
[BlackTitle "IM"]
[WhiteElo "2383"]
[BlackElo "2380"]

1. Nf3 Nf6 2. g3 g6 3. b3 Bg7 4. Bb2 d5 5. c4 c6 6. Bg2 O-O 7. O-O a5 8. d3 Qb6
9. Nbd2 a4 10. Rb1 axb3 11. axb3 Na6 12. b4 Bg4 13. Bxf6 Bxf6 14. b5 Nc7 15. bxc6
Qxc6 16. Qb3 Ra7 17. Rfc1 Qd6 18. cxd5 Nxd5 19. d4 Be6 20. Nc4 Qa6 21. e4 Nc7
22. d5 Nxd5 23. exd5 Bxd5 24. Nfd2 Bxg2 25. Kxg2 Qe6 26. Re1 Qa6 27. Qb6 Qa2 28.
Ne4 Bg7 29. Qb3 Qa6 30. Nb6 Qa5 31. Qb5 Qa2 32. Qc4 Qa5 33. Qc5 f5 34. Qc4+ Kh8
35. Ng5 Bf6 36. Ne6 Rg8 37. Nd5 b5 38. Qxb5 Qd2 39. Re2 Qh6 40. Nxf6 exf6 41.
h4 Qh5 42. Qb2 Rf7 43. Ng5 Rff8 44. Re7 1-0

[Event "Druzynowe  Mistrzostwa Polski w Szachach - I liga"]
[Site "Poronin-Limba"]
[Date "1899-12-30"]
[Round "8.26"]
[White "Pacan-milej, Kosma"]
[Black "Borgula, Rafal"]
[Result "1/2-1/2"]
[WhiteTitle "FM"]
[BlackTitle "FM"]
[WhiteElo "2316"]
[BlackElo "2250"]

1. d4 Nf6 2. c4 e6 3. Nf3 d5 4. g3 Be7 5. Bg2 O-O 6. O-O c6 7. Qc2 Nbd7 8. Nbd2
b6 9. e4 Bb7 10. e5 Ne8 11. cxd5 cxd5 12. Re1 Rc8 13. Qd1 Nb8 14. Nf1 Nc6 15.
Ne3 Ba6 16. Bd2 Bd3 17. Bc3 Be4 18. Bf1 Nc7 19. Nd2 Bg6 20. f4 Qd7 21. a3 a6 22.
Rc1 Na7 23. b4 Ncb5 24. Qa4 Qb7 25. Bb2 f5 26. Qb3 Rxc1 27. Rxc1 Rc8 28. Rxc8+
Nxc8 29. Bd3 Bf7 30. h3 Qc6 31. Qa4 g5 32. Qxa6 Nc3 33. b5 Qc7 34. Qa8 gxf4 35.
gxf4 Ne4 36. Nxe4 fxe4 37. Be2 Kg7 38. Qa4 Bg6 39. Qd1 Bh4 40. Bg4 Qf7 41. Ng2
Bd8 42. Bc1 Ne7 43. Nh4 h5 44. Be2 Nf5 45. Nxf5+ Qxf5 46. Qb3 Be8 47. Kh2 Bh4
48. Qe3 Bd8 49. Bd2 Kh7 50. a4 Qg6 51. Bb4 Qf5 52. Bd2 Qg6 53. Bc1 Qf5 54. Ba3
Qg6 55. Bb4 Qf7 56. Bd2 Qg6 57. Be1 Qf7 58. Bb4 Qf5 1/2-1/2

[Event "Druzynowe  Mistrzostwa Polski w Szachach - I liga"]
[Site "Poronin-Limba"]
[Date "1899-12-30"]
[Round "8.27"]
[White "Konieczynski, Piotr"]
[Black "Kaczmarek, Aleksander"]
[Result "1/2-1/2"]
[WhiteTitle "I++"]
[BlackTitle "FM"]
[WhiteElo "1903"]
[BlackElo "2384"]

1. d4 c5 2. d5 e6 3. e4 exd5 4. exd5 d6 5. c4 Ne7 6. Bd3 Ng6 7. Nf3 Be7 8. O-O
Bg4 9. h3 Bxf3 10. Qxf3 Ne5 11. Qe2 Nxd3 12. Qxd3 Nd7 13. Nc3 O-O 14. b3 Ne5 15.
Qc2 Qd7 16. Bd2 Ng6 17. Rae1 Nh4 18. Qd3 Nf5 19. Ne2 Bf6 20. Ng3 Nh4 21. Bc3 Bxc3
22. Qxc3 Qd8 23. Re2 f5 24. f4 Rf7 25. Re6 Qd7 26. Rfe1 Raf8 27. Nh5 Ng6 28. R1e3
Qd8 29. Qe1 a6 30. Kh2 b5 31. Re2 b4 32. Kh1 Qd7 33. R2e3 a5 34. Kh2 a4 35. Rg3
a3 36. Rg5 Qd8 37. Qg3 Re7 1/2-1/2

[Event "Druzynowe  Mistrzostwa Polski w Szachach - I liga"]
[Site "Poronin-Limba"]
[Date "1899-12-30"]
[Round "8.28"]
[White "Miturova, Magdalena"]
[Black "Jaracz, Barbara"]
[Result "1-0"]
[WhiteTitle "WIM"]
[BlackTitle "WGM"]
[WhiteElo "2188"]
[BlackElo "2244"]

1. e4 e5 2. Nf3 Nc6 3. Bb5 a6 4. Ba4 Nf6 5. O-O Be7 6. Re1 b5 7. Bb3 d6 8. c3 O-O
9. h3 Na5 10. Bc2 c5 11. d4 Qc7 12. Nbd2 Bd7 13. Nf1 h6 14. Ne3 Rfe8 15. b3 cxd4
16. cxd4 Nc6 17. Bb2 Bf8 18. Rc1 Qb7 19. dxe5 Nxe5 20. Nd5 Nh7 21. Nh4 Be6 22.
f4 Ng6 23. Nxg6 fxg6 24. Ne3 Rac8 25. Qd3 Bf7 26. Ng4 h5 27. Nh6+ Kh8 28. Nxf7+
Qxf7 29. Rf1 Red8 30. Qg3 Be7 31. e5 Nf8 32. f5 dxe5 33. fxg6 Qd5 34. Kh1 e4 35.
Rcd1 Qg5 36. Qxg5 Bxg5 37. Bxe4 Rxd1 38. Rxd1 Re8 39. Rf1 Nd7 40. Bc6 Rf8 41.
Rf7 1-0